Sacra Theologia Dogmatica

Saved in:
Bibliographic Details
Main Author: Val, Honorato del (Author)
Format: Book
Language:Latin
Published: Madrid Typis Filiae GomezFuentenebro 1906
Edition:1a. ed
Subjects:
Tags: Add Tag
No Tags, Be the first to tag this record!

MARC

LEADER 00000cam a2200000 a 4500
001 UCD2432
003 CL-VaPUC
008 160428e19060000sp |||||||||||||||||lat|d
082 0 4 |a 230  |b VAL  |2 21 
100 0 |a Val, Honorato del  |e author  |9 585782 
245 1 0 |a Sacra Theologia Dogmatica 
250 |a 1a. ed 
300 |a v 
942 |c BK 
945 |d 20160428 21:50:00  |a dcastane 
260 |a Madrid  |b Typis Filiae GomezFuentenebro  |c 1906 
500 |a v.1: de Deo uno. De SS. Trinitate. De Deo Creante et Elevante 
500 |a v.2. de Verbo Incarnato. de gratia Divina. de Virtutibus Infusis 
500 |a v.3: de Septem Ecclesiae Sacramentis 
650 0 |a Teología dogmática   |9 313198 
650 0 |a Sacramentos   |9 257270 
583 |a last modification  |c 20160428 21:50:00  |k Rodrigo Vera 
999 |c 363594  |d 363592 
952 |0 0  |1 0  |3 erd  |4 0  |6 230_000000000000000_VAL_1906  |7 0  |8 X  |9 476107  |a BIBTEO  |b BIBTEO  |c TEO_FFR  |h v.1  |i 5227593  |o 230 VAL 1906  |p 5227593  |r 2024-01-18  |w 2019-11-24  |y BK_X  |z Catalogado en:20160428  |k OFM 
952 |0 0  |1 0  |3 erd  |4 0  |6 230_000000000000000_VAL_1906  |7 0  |8 X  |9 476108  |a BIBTEO  |b BIBTEO  |c TEO_FFR  |h v.2  |i 5227607  |o 230 VAL 1906  |p 5227607  |r 2024-01-18  |w 2019-11-24  |y BK_X  |z Catalogado en:20160428  |k OFM 
952 |0 0  |1 0  |3 erd  |4 0  |6 230_000000000000000_VAL_1906  |7 0  |8 X  |9 476109  |a BIBTEO  |b BIBTEO  |c TEO_FFR  |h v.3  |i 5227615  |o 230 VAL 1906  |p 5227615  |r 2024-01-18  |w 2019-11-24  |y BK_X  |z Catalogado en:20160428  |k OFM